header

The Hutchinson dictionary of scientific biography (Record no. 181260)

MARC details
000 -LEADER
fixed length control field 01194nam a2200313Ia 4500
082 04 - DEWEY DECIMAL CLASSIFICATION NUMBER
Classification number 500
245 04 - TITLE STATEMENT
Title The Hutchinson dictionary of scientific biography
250 ## - EDITION STATEMENT
Edition statement 2nd ed.
260 ## - PUBLICATION, DISTRIBUTION, ETC. (IMPRINT)
Place of publication Oxford :
Name of publisher Helicon,
Year of publication 2005.
300 ## - PHYSICAL DESCRIPTION
Number of Pages (1526) p. :
Other physical details ill., maps.
650 #0 - SUBJECT ADDED ENTRY--TOPICAL TERM
Topical Term Science
Topical Term Scientists
700 1# - ADDED ENTRY--PERSONAL NAME
Personal name Porter, Roy,
856 40 - ELECTRONIC LOCATION AND ACCESS
Uniform Resource Identifier http://site.ebrary.com/lib/rucke/Doc?id=10130733

No items available.

© 2026 Rongo University
Contact us: librarian | system librarian | Rongo university